Statistics for いろいろな旧駅名

Click here to take the quiz!

General Stats

  • This quiz has been taken 24 times
  • The average score is 20 of 49

Answer Stats

旧駅名現駅名% Correct
いわき
92%
肥前山口江北
88%
石狩太美太美
88%
石狩当別当別
88%
国鉄千葉駅前京成千葉
79%
浜大津びわ湖浜大津
79%
羽田空港国際線ターミナル羽田空港第3ターミナル
79%
市役所(名古屋市)名古屋城
75%
越前武生たけふ新
75%
渡島大野新函館北斗
75%
尻内八戸
67%
遊園地西西武園ゆうえんち
67%
近鉄四日市あすなろう四日市
63%
中村区役所太閤通
58%
神宮西熱田神宮西
58%
神足長岡京
50%
産業道路大師橋
46%
京コンピュータ前計算科学センター
46%
長門一ノ宮新下関
46%
寺井能美根上
46%
西武遊園地多摩湖
42%
黒沢尻北上
38%
下野豊原豊原
33%
阿仁前田阿仁前田温泉
33%
荒海会津荒海
33%
釜谷臼あいの里公園
33%
上井倉吉
29%
二枚橋花巻空港
29%
五和合格
29%
循環器病センター心臓血管センター
29%
稲田登戸向ヶ丘遊園
29%
諫早東高校諫早東高校前
25%
古間木三沢
25%
南咲来天塩川温泉
25%
刃物会館前せきてらす前
21%
名香野西鉄千早
21%
大根東海大学前
21%
川根長島接岨峡温泉
17%
糸沢七ヶ岳登山口
17%
虹ヶ浜
17%
幌向太フラグ・ステーション幌向
13%
四日市豊前善光寺
13%
次郎ヶ別府日向住吉
8%
誉平天塩中川
8%
佐念頃御影
8%
奔茂尻滝里
8%
会津落合養鱒公園
8%
松山町平和公園
8%
西新湊第一イン新湊クロスベイ前
8%

Score Distribution

Percentile by Number Answered

Percent of People with Each Score

Your Score History

You have not taken this quiz